| 000 | 01294nam0a2200313 4500 | ||
|---|---|---|---|
| 001 | RU\NLR\bibl\1435384 | ||
| 005 | 20250615223022.0 | ||
| 010 |
_a978-5-89814-449-4 _92700 |
||
| 021 |
_aRU _b2009-72692 _94517 |
||
| 035 | _a(NLR Aleph) 001427265 | ||
| 090 |
_a1380151 _c1380151 |
||
| 100 | _a20090914d2008 |||y0rusy50 ca | ||
| 101 | 0 | _arus | |
| 102 | _aRU | ||
| 105 | _ay ||||||||| | ||
| 200 | 1 |
_aИстоки русской народной культуры в детском саду _eметодическое пособие для воспитателей ДОУ _fавт.-сост. И.Г. Гаврилова |
|
| 210 |
_aСанкт-Петербург _cДетство-Пресс _d2008 |
||
| 215 |
_a155, [1] с. _d21 |
||
| 320 | _aБиблиогр.: с. 152-153 (16 назв.) | ||
| 606 | 1 |
_aДошкольники _jМетодические пособия _xВоспитание на традициях русской культуры _92341851 _3RU\NLR\auth\661399740 |
|
| 686 |
_aЧ411,6(2)355.2,0 _2rubbk |
||
| 686 | _aЧ411.352я8 | ||
| 702 | 1 |
_aГаврилова _bИ. Г. _gИрина Геннадьевна _4220 |
|
| 801 | 0 |
_aRU _bРКП _c20090914 _grcr |
|
| 801 | 1 |
_aRU _bРГБ _c20090914 |
|
| 801 | 2 |
_aRU _bNLR _c20091109 _grcr |
|
| 942 | _cBOOK | ||
| 980 | _aNB | ||